| 000 | 01482cam a2200349 a 4500 | ||
|---|---|---|---|
| 001 | 13776752 | ||
| 003 | OSt | ||
| 005 | 20211130110510.0 | ||
| 008 | 041109s2005 nyua b 001 0 eng | ||
| 010 | _a 2004275109 | ||
| 020 | _a007144033X | ||
| 038 | _aKhadija | ||
| 040 |
_aDLC _cDLC _dDLC |
||
| 050 | 0 | 0 |
_aTS176 _b.M36237 2005 |
| 082 | 0 | 0 |
_a658.5 _222 _bMAN |
| 245 | 0 | 0 |
_aManufacturing Planning and Control Systems for Supply Chain Management / _cThomas E. Vollmann ... [et al.]. |
| 250 | _a5th ed. | ||
| 260 |
_aNew York : _bMcGraw-Hill, _cc2005. |
||
| 300 |
_axxii, 598 p. : _bill. ; _c25 cm. |
||
| 500 | _aRev. ed. of: Manufacturing planning and control systems / Thoms E. Vollmann, William L. Berry, D. Clay Whybark. 4th ed. c1997. | ||
| 563 | _aHB | ||
| 650 | 0 |
_aProduction planning. _985277 |
|
| 650 | 0 |
_aProduction control. _985278 |
|
| 700 | 1 |
_aVollmann, Thomas E. _985279 |
|
| 700 | 1 |
_aVollmann, Thomas E. _tManufacturing planning and control systems. _985280 |
|
| 856 | 4 | 1 |
_3Table of contents only _uhttp://www.loc.gov/catdir/toc/fy0712/2004275109.html |
| 856 | 4 | 2 |
_3Contributor biographical information _uhttp://www.loc.gov/catdir/enhancements/fy0620/2004275109-b.html |
| 856 | 4 | 2 |
_3Publisher description _uhttp://www.loc.gov/catdir/enhancements/fy0620/2004275109-d.html |
| 906 |
_a7 _bcbc _corigcop _d2 _encip _f20 _gy-gencatlg |
||
| 942 |
_2ddc _cBK |
||
| 999 |
_c33964 _d33964 |
||